[Event "7th UI&UL GM"]
[Site "Dhaka BAN"]
[Date "2005.04.06"]
[Round "2"]
[White "Chatterjee,D"]
[Black "Mohammad,J"]
[Result "1/2-1/2"]
[WhiteElo "2246"]
[BlackElo "2186"]
[EventDate "2005.04.05"]

1. d4 d5 2. c4 e6 3. Nf3 c6 4. e3 f5 5. Bd3 Nf6 6. O-O Be7 7. b3 O-O 8. Ba3
Ne4 9. Bxe7 Qxe7 10. Nfd2 Nd7 11. f3 Qg5 12. Qe2 Nef6 13. Nc3 Nh5 14. f4
Qg6 15. Rf3 Ndf6 16. Rh3 Ng4 17. Nf3 Nhf6 18. Rg3 Nh5 19. Rh3 Nhf6 20. Rh4
Ne4 21. Rc1 Bd7 22. h3 Ngf2 23. Bxe4 Nxe4 24. Nxe4 dxe4 25. Ne5 Qe8 26. g4
Qe7 27. Qf2 Rad8 28. c5 Be8 29. Kh2 b6 30. gxf5 exf5 31. cxb6 axb6 32. Nxc6
Bxc6 33. Rxc6 Rc8 34. Rxc8 Rxc8 35. Rh5 g6 36. Rg5 Rc3 37. Rg2 Qa3 38. Qe2
Qc1 39. Qb5 Qxe3 40. Qe8+ Kg7 41. Qe7+ Kg8 42. Qe8+ Kg7 43. Qe7+ 1/2-1/2

[Event "7th UI&UL GM"]
[Site "Dhaka BAN"]
[Date "2005.04.06"]
[Round "2"]
[White "Shamima,A"]
[Black "Vinoth,K"]
[Result "0-1"]
[WhiteElo "2061"]
[BlackElo "2238"]
[EventDate "2005.04.05"]

1. d4 d6 2. c4 Nd7 3. Nf3 e5 4. e4 g6 5. Nc3 Bg7 6. Be2 c6 7. O-O Nh6 8. d5
c5 9. a3 f6 10. b4 Nf7 11. Ne1 O-O 12. Be3 b6 13. Bg4 Re8 14. Nd3 f5 15.
Be2 f4 16. Bd2 Nf6 17. a4 a5 18. bxa5 bxa5 19. Rb1 g5 20. f3 h5 21. Qb3 g4
22. Nc1 g3 23. h3 Nh7 24. Re1 Qh4 25. Bf1 Nhg5 26. Nb5 Re7 27. Qd3 Bf8 28.
Nb3 Nxh3+ 29. gxh3 Ng5 30. Qe2 Rg7 31. Bg2 Bxh3 32. Bxh3 Qxh3 33. Qg2 Nxf3+
34. Kf1 Qg4 35. Bxa5 Nh2+ 36. Kg1 f3 0-1

[Event "7th UI&UL GM"]
[Site "Dhaka BAN"]
[Date "2005.04.06"]
[Round "2"]
[White "Suresh,KT"]
[Black "Hossain,Mon"]
[Result "1/2-1/2"]
[WhiteElo "2226"]
[BlackElo "2170"]
[EventDate "2005.04.05"]

1. Nf3 g6 2. g3 Bg7 3. Bg2 Nf6 4. O-O O-O 5. c4 d6 6. Nc3 c6 7. d3 Nbd7 8.
Rb1 Re8 9. b4 Qc7 10. b5 c5 11. a4 Rb8 12. Bd2 Qd8 13. Qc1 Nf8 14. a5 Bg4
15. h3 Bd7 16. Kh2 Ne6 17. Re1 Bh8 18. Kg1 Qc8 19. Kh2 Ng7 20. Bg5 Ne6 21.
Bd2 Ng7 22. Bg5 Ne6 23. Bd2 Ng7 24. e4 e5 25. Be3 Ne6 1/2-1/2

[Event "7th UI&UL GM"]
[Site "Dhaka BAN"]
[Date "2005.04.07"]
[Round "3"]
[White "Abdulla,AlR"]
[Black "Rahman,Zia"]
[Result "1/2-1/2"]
[WhiteElo "2462"]
[BlackElo "2538"]
[EventDate "2005.04.05"]

1. d4 e6 2. c4 Bb4+ 3. Bd2 a5 4. g3 d6 5. Nc3 Nc6 6. a3 Bxc3 7. Bxc3 Nf6 8.
Bg2 O-O 9. Nf3 Ne4 10. Rc1 Nxc3 11. Rxc3 e5 12. d5 Nb8 13. c5 Na6 14. cxd6
cxd6 15. O-O Bd7 16. Nd2 Rc8 17. Qc2 Rxc3 18. Qxc3 Bb5 19. Re1 a4 20. b4
axb3 21. Nxb3 Qd7 22. f4 Rc8 23. Qf3 Ba4 24. Nd2 Qe7 25. Ne4 f5 26. Ng5 e4
27. Qe3 Nc5 28. g4 h6 29. Ne6 Nxe6 30. dxe6 Qxe6 31. gxf5 Qxf5 32. Bxe4 Re8
33. Bxf5 Rxe3 34. Kf2 Rxa3 35. Rb1 Bc6 36. Rd1 Ra5 37. e4 1/2-1/2

[Event "7th UI&UL GM"]
[Site "Dhaka BAN"]
[Date "2005.04.07"]
[Round "3"]
[White "Vijayalakshmi,S"]
[Black "Fominyh,A"]
[Result "0-1"]
[WhiteElo "2412"]
[BlackElo "2505"]
[EventDate "2005.04.05"]

1. c4 e5 2. Nc3 Nf6 3. g3 c6 4. Bg2 d5 5. cxd5 cxd5 6. Qb3 Nc6 7. Nxd5 Nd4
8. Nxf6+ gxf6 9. Qd1 Qc7 10. Kf1 a5 11. Nf3 Nc2 12. Rb1 a4 13. d3 Be6 14.
b3 axb3 15. axb3 h5 16. Nd2 h4 17. gxh4 Rxh4 18. Nc4 Nd4 19. Be3 Rc8 20.
Bd2 b5 21. Ne3 Qd7 22. b4 f5 23. h3 Bg7 24. Rc1 f4 25. Rxc8+ Qxc8 26. Ng4
f5 27. Nh2 e4 28. Rg1 Kf8 29. Be1 f3 30. exf3 exd3 31. Bh1 Qc2 32. Qa1 Qe2+
33. Kg2 Bd5 34. Qa7 Ne6 35. Qb8+ Kf7 36. Qa7+ Kg8 37. Qd7 d2 38. Bxd2 Qxd2
39. Qc8+ Kh7 40. Rc1 Qg5+ 0-1

[Event "7th UI&UL GM"]
[Site "Dhaka BAN"]
[Date "2005.04.07"]
[Round "3"]
[White "Prathamesh,S"]
[Black "Reefat,S"]
[Result "1-0"]
[WhiteElo "2368"]
[BlackElo "2473"]
[EventDate "2005.04.05"]

1. e4 e6 2. d4 d5 3. e5 c5 4. c3 Nc6 5. Nf3 Qb6 6. a3 Nh6 7. Bd3 cxd4 8.
cxd4 Nf5 9. Bxf5 exf5 10. Nc3 Be6 11. O-O Be7 12. b4 O-O 13. Qd3 Rac8 14.
Na4 Qd8 15. Nc5 Rc7 16. Bd2 Bc8 17. Qb3 b6 18. Nd3 Be6 19. Rfc1 g5 20. b5
Na5 21. Bxa5 bxa5 22. Rxc7 Qxc7 23. Rc1 Qb8 24. Nc5 Rc8 25. Nxg5 Bxg5 26.
Qg3 h6 27. f4 Qxb5 28. fxg5 h5 29. g6 Qb2 30. Rd1 Qe2 31. gxf7+ Kxf7 32.
Rb1 Rg8 33. Rb7+ 1-0

[Event "7th UI&UL GM"]
[Site "Dhaka BAN"]
[Date "2005.04.07"]
[Round "3"]
[White "Ganguly,S"]
[Black "Roktim,B"]
[Result "1-0"]
[WhiteElo "2583"]
[BlackElo "2389"]
[EventDate "2005.04.05"]

1. e4 e5 2. Nf3 Nc6 3. Bb5 Nf6 4. O-O Nxe4 5. d4 Nd6 6. Ba4 e4 7. Re1 Be7
8. Ne5 O-O 9. Nc3 f6 10. Nxc6 dxc6 11. Nxe4 Nxe4 12. Rxe4 f5 13. Re1 f4 14.
Qh5 Bd6 15. Bb3+ Kh8 16. c4 g6 17. Qf3 Qh4 18. c5 Bg4 19. Qc3 Be7 20. g3
fxg3 21. hxg3 Qf6 22. Bf4 Qg7 23. Rxe7 Qxe7 24. Re1 Qg7 25. Be5 Rf6 26. d5
Raf8 1-0

[Event "7th UI&UL GM"]
[Site "Dhaka BAN"]
[Date "2005.04.07"]
[Round "3"]
[White "Iuldachev,S"]
[Black "Hasan,Me"]
[Result "1-0"]
[WhiteElo "2537"]
[BlackElo "2322"]
[EventDate "2005.04.05"]

1. e4 c5 2. Nc3 e6 3. Nf3 Nc6 4. Bb5 a6 5. Bxc6 bxc6 6. O-O Qc7 7. d3 d6 8.
Ne1 Nf6 9. f4 Be7 10. Nf3 O-O 11. e5 Nd7 12. Qe1 d5 13. Na4 f6 14. Be3 fxe5
15. fxe5 Nxe5 16. Nxe5 Qxe5 17. Rxf8+ Bxf8 18. Qf2 Qf6 19. Qf3 e5 20. Rf1
Qe6 21. Bxc5 Bxc5+ 22. Nxc5 Qe7 23. Qe3 Rb8 24. b3 Rb5 25. d4 e4 26. Qf4 h6
27. h3 Rxc5 28. dxc5 Qxc5+ 29. Kh2 Qe7 30. c3 Kh7 31. b4 a5 32. bxa5 Ba6
33. Re1 Bd3 34. Re3 Qc5 35. Rg3 Qxc3 36. a6 Qd4 37. Rxd3 Qxd3 38. a7 1-0

[Event "7th UI&UL GM"]
[Site "Dhaka BAN"]
[Date "2005.04.07"]
[Round "3"]
[White "Hossain,Enam"]
[Black "Gunasekaran,K"]
[Result "1/2-1/2"]
[WhiteElo "2453"]
[BlackElo "2312"]
[EventDate "2005.04.05"]

1. e4 c6 2. d4 d5 3. exd5 cxd5 4. c4 Nf6 5. Nc3 e6 6. Nf3 Bb4 7. cxd5 Nxd5
8. Qc2 Nc6 9. Be2 O-O 10. O-O Be7 11. Rd1 Bf6 12. Qe4 Nce7 13. Bd3 g6 14.
h4 Bd7 15. h5 Bc6 16. Qg4 Rc8 17. hxg6 hxg6 18. Ne4 Kg7 19. Ne5 Nf5 20. Bg5
Bxg5 21. Nxg5 Qf6 22. Re1 Be8 23. Rac1 Rd8 24. Ngf3 Rh8 25. Bc4 Nfe7 26.
Bb3 Qf5 27. Qxf5 gxf5 28. Nd3 b6 29. Nde5 Kf6 30. Bc4 Bd7 31. Ba6 Bc8 32.
Bxc8 Rxc8 33. Nd3 Rxc1 34. Rxc1 Rc8 35. Rxc8 1/2-1/2

[Event "7th UI&UL GM"]
[Site "Dhaka BAN"]
[Date "2005.04.07"]
[Round "3"]
[White "Sriram,J"]
[Black "Haque,R1"]
[Result "0-1"]
[WhiteElo "2445"]
[BlackElo "2188"]
[EventDate "2005.04.05"]

1. d4 d6 2. Nf3 Bg4 3. c4 Nd7 4. Nc3 Bxf3 5. exf3 g6 6. Be3 Bg7 7. h4 h5 8.
Be2 e6 9. Qd2 c6 10. Ne4 Ndf6 11. Qb4 Nxe4 12. fxe4 Qb6 13. Qd2 Ne7 14.
O-O-O d5 15. f3 Qc7 16. Kb1 dxc4 17. Bxc4 Rd8 18. Qf2 Nc8 19. Bb3 b5 20. d5
cxd5 21. exd5 exd5 22. Bc5 Ne7 23. Rhe1 Bf6 24. Bxa7 Rd7 25. Rc1 Qb7 26.
Bd4 Bxd4 27. Qxd4 O-O 28. g4 hxg4 29. fxg4 Rc8 30. h5 Rxc1+ 31. Rxc1 Qa6
32. h6 f6 33. Rf1 Rd6 34. g5 Nf5 35. Bxd5+ Kh7 36. Qc5 fxg5 37. Be4 b4 38.
Rxf5 Rd1+ 39. Kc2 Qe2+ 40. Kb3 Qxe4 41. Rf7+ Kxh6 42. Qf8+ Kh5 43. Qh8+ Kg4
44. Qc8+ Kg3 45. Qc7+ Kg2 46. Qc2+ Qxc2+ 47. Kxc2 Rd4 48. Rf6 g4 49. Rxg6
g3 50. Kb3 Kf2 51. a4 bxa3 52. Kxa3 g2 53. b4 Rd3+ 54. Ka4 Rg3 55. Rf6+ Ke2
56. Re6+ Kd2 0-1

[Event "7th UI&UL GM"]
[Site "Dhaka BAN"]
[Date "2005.04.07"]
[Round "3"]
[White "Satyapragyan,S"]
[Black "Abu Sufian,S"]
[Result "1-0"]
[WhiteElo "2401"]
[BlackElo "2233"]
[EventDate "2005.04.05"]

1. e4 c5 2. Nf3 d6 3. Bc4 Nc6 4. d3 Nf6 5. c3 e6 6. Bb3 Be7 7. O-O O-O 8.
Re1 d5 9. e5 Ne8 10. d4 cxd4 11. cxd4 f6 12. exf6 Bxf6 13. Nc3 Nd6 14. Bc2
g6 15. Bh6 Bg7 16. Bxg7 Kxg7 17. Ba4 Ne7 18. Qe2 h6 19. Rad1 a6 20. Ne5 b5
21. Bc2 Nc4 22. Nxc4 bxc4 23. Na4 Rf6 24. Nc5 Qc7 25. b3 cxb3 26. axb3 Nc6
27. Qe3 Rb8 28. Qc3 Rb4 29. Re3 Qf4 30. Nd3 1-0

[Event "7th UI&UL GM"]
[Site "Dhaka BAN"]
[Date "2005.04.07"]
[Round "3"]
[White "Islam,Kh"]
[Black "Safin,S"]
[Result "1/2-1/2"]
[WhiteElo "2312"]
[BlackElo "2463"]
[EventDate "2005.04.05"]

1. d4 Nf6 2. c4 e6 3. Nc3 Bb4 4. Qc2 c5 5. dxc5 O-O 6. a3 Bxc5 7. Nf3 b6 8.
Bf4 Nh5 9. Bg3 Bb7 10. e3 h6 11. Rd1 Be7 12. Nb5 Nxg3 13. hxg3 a6 14. Nd6
Bxd6 15. Rxd6 Qc7 16. Rd2 f5 17. Be2 Nc6 18. O-O d6 19. Rfd1 Rad8 20. Qc3
e5 21. b4 Qe7 22. Qb3 Kh7 23. Qb1 e4 24. Nd4 Ne5 25. Nb3 Bc8 26. Qb2 Be6
27. Rd4 Qc7 28. Rc1 Qf7 29. Qd2 Rc8 30. Rxd6 Bxc4 31. Nd4 Bxe2 32. Rxc8
Rxc8 33. Nxe2 Nc4 34. Rd7 Nxd2 35. Rxf7 Nc4 36. a4 Ne5 37. Ra7 Rc2 38. Nd4
Rc1+ 39. Kh2 Nd3 40. Nxf5 Kg6 41. g4 Nxf2 42. Kg3 Nd3 43. Rxa6 h5 44. Rxb6+
Kg5 45. Nh4 hxg4 46. Rg6+ Kh5 47. Rxg4 g5 48. Rxe4 gxh4+ 49. Rxh4+ Kg5 50.
Rd4 Ne5 51. a5 Ra1 52. Rd6 Ra4 53. a6 Rxb4 54. Rd5 Kf5 55. Ra5 Rb8 56. a7
Ra8 57. Ra4 Nc6 58. Ra6 Nxa7 59. Kf2 Ke5 60. Ra5+ Kd6 61. Ke2 Kc6 62. g4
Kb6 63. Rd5 Rf8 64. g5 Kc6 65. e4 Nb5 66. Ke3 Nc7 67. Rf5 Re8 68. Kf4 Kd6
69. Kg4 Ne6 70. Ra5 Rg8 71. Kh5 1/2-1/2

[Event "7th UI&UL GM"]
[Site "Dhaka BAN"]
[Date "2005.04.07"]
[Round "3"]
[White "Sangma,R"]
[Black "Pogorelov,R"]
[Result "1/2-1/2"]
[WhiteElo "2311"]
[BlackElo "2448"]
[EventDate "2005.04.05"]

1. e4 c5 2. Nf3 Nc6 3. d4 cxd4 4. Nxd4 Qc7 5. Nc3 e6 6. Be2 a6 7. O-O Nf6
8. Be3 Bb4 9. Na4 Be7 10. Nxc6 bxc6 11. Nb6 Rb8 12. Nxc8 Qxc8 13. e5 Nd5
14. Bc1 Bc5 15. c4 Ne7 16. Kh1 Qc7 17. f4 d6 18. exd6 Bxd6 19. Bd3 Ng6 20.
g3 O-O 21. Qh5 Rbd8 22. Be3 Be7 23. Rad1 Bf6 24. Bc5 Rfe8 25. Qe2 Be7 26.
Qf2 Bxc5 27. Qxc5 Ne7 28. f5 exf5 29. Bxf5 Nxf5 30. Qxf5 g6 31. Qf6 h5 32.
b3 a5 33. Rde1 Rxe1 34. Rxe1 Qd7 35. Rf1 Re8 36. Qf3 Re6 37. a3 Qe8 38. Rd1
h4 39. gxh4 Re3 40. Qg2 Re1+ 41. Rxe1 Qxe1+ 42. Qg1 Qe4+ 43. Qg2 Qb1+ 44.
Qg1 Qxb3 45. Qc5 Qb1+ 46. Kg2 Qe4+ 47. Kg1 Qg4+ 48. Kh1 Qf3+ 49. Kg1 a4 50.
Qb4 Qd1+ 51. Kg2 Qc2+ 52. Kg1 Qd1+ 53. Kg2 Qg4+ 54. Kh1 Qxh4 55. Qxa4 Qe4+
56. Kg1 f5 57. Qb3 f4 58. Kf2 g5 59. a4 Kg7 60. a5 Kg6 1/2-1/2

[Event "7th UI&UL GM"]
[Site "Dhaka BAN"]
[Date "2005.04.07"]
[Round "3"]
[White "Roy Chowdhury,S"]
[Black "Mohota,N"]
[Result "1/2-1/2"]
[WhiteElo "2397"]
[BlackElo "2297"]
[EventDate "2005.04.05"]

1. c4 c5 2. Nf3 Nc6 3. Nc3 e5 4. g3 g6 5. Bg2 d6 6. O-O Bg7 7. d3 Nge7 8.
Ne1 O-O 9. Nc2 Be6 10. Ne3 Rb8 11. Ned5 a6 12. a4 a5 13. Bd2 Nb4 14. Nxe7+
Qxe7 15. Qc1 b6 16. Nd1 Na6 17. Nc3 Nb4 18. Nd1 Na6 19. Ne3 Nc7 20. Nd1 Na6
1/2-1/2

[Event "7th UI&UL GM"]
[Site "Dhaka BAN"]
[Date "2005.04.07"]
[Round "3"]
[White "Lahiri,A"]
[Black "Pg,MOAHirawan"]
[Result "1/2-1/2"]
[WhiteElo "2355"]
[BlackElo "2230"]
[EventDate "2005.04.05"]

1. d4 Nf6 2. Nf3 g6 3. Nc3 d5 4. Bf4 Bg7 5. e3 O-O 6. Be2 c5 7. Ne5 cxd4 8.
exd4 b6 9. h4 Ne4 10. Nxe4 dxe4 11. h5 Be6 12. Qd2 f6 13. Ng4 Bxg4 14. Bxg4
f5 15. Be2 Qd5 16. hxg6 hxg6 17. Qc3 Bxd4 18. O-O-O Bxc3 19. Rxd5 e6 20.
Bc4 Bf6 21. Rd6 g5 22. Rxe6 Kg7 23. Bd6 Rc8 24. Bd5 Nd7 25. Be7 Re8 26.
Bxa8 Rxa8 27. Rd6 Re8 28. Rxd7 Bxe7 29. Rxa7 Kg6 30. c3 Bc5 31. Rf1 e3 32.
fxe3 Bxe3+ 33. Kc2 Rh8 34. Rd1 f4 35. Re1 Rh2 36. Kd3 Rxg2 37. b4 Rd2+ 38.
Ke4 g4 39. Ra8 Kf7 40. Rh8 g3 41. Rh4 g2 42. Rg4 Rxa2 43. Rxe3 fxe3 44.
Kxe3 Kf6 45. Ke4 Re2+ 46. Kf3 Rc2 47. Rxg2 Rxc3+ 48. Ke4 Rc4+ 49. Kd5 Rxb4
1/2-1/2

[Event "7th UI&UL GM"]
[Site "Dhaka BAN"]
[Date "2005.04.07"]
[Round "3"]
[White "Abdul,Mal"]
[Black "Syed Anwar,S"]
[Result "0-1"]
[WhiteElo "2191"]
[BlackElo "2305"]
[EventDate "2005.04.05"]

1. Nf3 Nf6 2. d4 d5 3. c4 c6 4. e3 Bf5 5. Nc3 e6 6. Be2 Be7 7. O-O h6 8.
Qb3 Qb6 9. c5 Qc7 10. Ne5 O-O 11. f4 b6 12. cxb6 axb6 13. Bd2 c5 14. Bb5
Ne4 15. Be1 c4 16. Qd1 Nxc3 17. Bxc3 f6 18. Nf3 Nc6 19. Bxc6 Qxc6 20. Nh4
Bd3 21. Rf2 b5 22. a3 b4 23. axb4 Rxa1 24. Qxa1 Qb7 25. f5 Ra8 26. Qe1 Ra2
27. g4 Qa8 28. Rd2 Qa4 29. Rd1 Qc2 30. Rc1 Qb3 31. Qg3 exf5 32. gxf5 Bxb4
33. Qb8+ Bf8 34. Qd8 Qb7 35. Qe8 Qe7 36. Qxe7 Bxe7 37. Rd1 Bd6 38. Kg2 Be4+
39. Kh3 Kf7 40. Rf1 Bd3 41. Rg1 Ra8 42. Re1 Be4 43. Rf1 Ra4 44. Rc1 h5 45.
Rf1 Bc7 46. Rc1 Kg8 47. Re1 Kh7 48. Rc1 Ba5 49. Kg3 Bxc3 50. bxc3 Ra2 51.
h3 Kh6 52. Kf4 Rb2 53. Kg3 Re2 54. Kf4 Ra2 55. Rg1 Rf2+ 56. Kg3 Rc2 57. Ra1
Rxc3 58. Ra8 Kg5 59. Nf3+ Kxf5 60. Nh4+ Kg5 61. Nf3+ Kh6 62. Rh8+ Kg6 63.
Kf4 Bxf3 64. Kxf3 Ra3 65. Rd8 Ra5 66. Rd7 Kh6 67. Kf4 Kg6 68. h4 Ra8 69.
Rxd5 Rc8 70. Ra5 c3 71. Ra1 c2 72. Rc1 Kf7 73. e4 Rc3 74. d5 g6 75. e5 Rc4+
76. Ke3 fxe5 77. Kd3 Rd4+ 78. Ke3 Rc4 79. Kd3 Rxh4 80. Rxc2 Rd4+ 81. Ke3
Rxd5 82. Ke4 Ke6 83. Rc6+ Rd6 84. Rc8 Rd4+ 85. Ke3 g5 86. Rg8 Kf5 87. Rf8+
Kg4 88. Re8 Rd5 0-1

[Event "7th UI&UL GM"]
[Site "Dhaka BAN"]
[Date "2005.04.07"]
[Round "3"]
[White "Hossain,Mon"]
[Black "Ram,S"]
[Result "0-1"]
[WhiteElo "2170"]
[BlackElo "2255"]
[EventDate "2005.04.05"]

1. d4 Nf6 2. c4 g6 3. Nc3 d5 4. cxd5 Nxd5 5. Nf3 Bg7 6. Qb3 Nxc3 7. bxc3
O-O 8. Bf4 c5 9. e3 cxd4 10. exd4 Nc6 11. Be2 b6 12. O-O Be6 13. Qa3 Na5
14. Rfe1 Bf6 15. Bh6 Re8 16. Bb5 Bd7 17. Qa4 Bxb5 18. Qxb5 Qc7 19. Rac1 Nc4
20. Ne5 Bxe5 21. dxe5 Red8 22. Re4 Rac8 23. h3 e6 24. Rd4 Nxe5 25. Bf4 f6
26. Bxe5 Qxe5 27. Qxe5 fxe5 28. Ra4 a5 29. Re4 Rc5 30. a4 Kf7 31. Rb1 Rd6
32. Re3 Kf6 33. Kf1 Rc4 34. Ra1 Rd2 35. Ke1 Rc2 36. Ra3 g5 37. Rf3+ Rf4 38.
Rxf4+ gxf4 39. Rb3 e4 40. Rxb6 Rc1+ 41. Ke2 Rc2+ 42. Kf1 Ra2 43. Rb7 Rxa4
44. Rxh7 Ra1+ 45. Ke2 Ra2+ 46. Kf1 a4 47. Ra7 a3 48. c4 e3 49. fxe3 fxe3
50. c5 Ke5 51. c6 Kd6 52. c7 Kd7 53. h4 Ra1+ 54. Ke2 a2 55. h5 Rg1 56. h6
a1=Q 57. Rxa1 Rxa1 58. g4 Kxc7 59. g5 Rh1 60. Kxe3 Kd7 61. Kf4 Ke7 62. Ke5
Kf7 0-1

[Event "7th UI&UL GM"]
[Site "Dhaka BAN"]
[Date "2005.04.07"]
[Round "3"]
[White "Hasan Md,E"]
[Black "Chatterjee,D"]
[Result "0-1"]
[WhiteElo "2162"]
[BlackElo "2246"]
[EventDate "2005.04.05"]

1. e4 c5 2. Nf3 d6 3. d4 cxd4 4. Nxd4 Nf6 5. Nc3 a6 6. Bg5 e6 7. Qd2 Be7 8.
O-O-O b5 9. a3 h6 10. Be3 Ng4 11. Be2 Nxe3 12. Qxe3 Qc7 13. Qg3 O-O 14. f4
Bf6 15. Bf3 Bb7 16. Rhe1 Bxd4 17. Rxd4 Nc6 18. Rd2 b4 19. Nb1 e5 20. fxe5
dxe5 21. Red1 Na5 22. Rd3 Rac8 23. R1d2 Nc4 24. Rf2 Qb6 25. axb4 Qxb4 26.
b3 Na3 27. Nxa3 Qxa3+ 28. Kb1 Rc5 29. b4 Qxb4+ 30. Rb3 Qe1+ 31. Kb2 Ra5 32.
Ra3 Rxa3 33. Kxa3 Qa1+ 34. Kb3 Bd5+ 0-1

[Event "7th UI&UL GM"]
[Site "Dhaka BAN"]
[Date "2005.04.07"]
[Round "3"]
[White "Ahmed,Mai"]
[Black "Nikhilesh,K"]
[Result "1/2-1/2"]
[WhiteElo "2222"]
[BlackElo "2199"]
[EventDate "2005.04.05"]

1. d4 Nf6 2. Nc3 d5 3. Bg5 c5 4. e3 Nc6 5. dxc5 e6 6. Nf3 Bxc5 7. a3 Be7 8.
Bd3 O-O 9. O-O h6 10. Bh4 b6 11. Qe2 Ne4 12. Bxe7 Nxc3 13. Bxd8 Nxe2+ 14.
Bxe2 Rxd8 15. Bb5 Ne7 16. a4 Bd7 17. Bd3 a5 18. Rfb1 g5 19. b4 Rdb8 20. Kf1
f6 21. c4 Kf7 22. Ke2 Rc8 23. Nd2 Rc7 24. bxa5 bxa5 25. Rc1 Rac8 26. c5
Rxc5 27. Rxc5 Rxc5 28. Nb3 Rc7 29. Nxa5 Ra7 30. Bb5 Ke8 31. Bxd7+ Kxd7 32.
Nb3 Nc6 33. Kd3 e5 34. e4 Kd6 35. f3 Rb7 36. Nd2 Na5 37. exd5 Kxd5 38. Rb1
Rxb1 39. Nxb1 f5 40. Nc3+ Kc5 41. g4 fxg4 42. fxg4 Kb4 43. Nd5+ Kxa4 44.
Ne7 Kb5 45. Ke4 Nc4 46. h3 Nd2+ 47. Ke3 Nc4+ 48. Ke4 Nd2+ 49. Kxe5 Nf3+ 50.
Kf6 Ng1 51. Kg6 Nxh3 52. Kxh6 Nf2 1/2-1/2

[Event "7th UI&UL GM"]
[Site "Dhaka BAN"]
[Date "2005.04.07"]
[Round "3"]
[White "Uten"]
[Black "Uddin,S"]
[Result "1-0"]
[WhiteElo "2177"]
[BlackElo "2205"]
[EventDate "2005.04.05"]

1. d4 d6 2. c4 g6 3. g3 Bg7 4. Bg2 Nc6 5. e3 e5 6. Ne2 f5 7. O-O Nf6 8. b4
O-O 9. b5 Ne7 10. dxe5 dxe5 11. Ba3 Qxd1 12. Rxd1 Kf7 13. Nbc3 Rb8 14. Rac1
e4 15. Nf4 Re8 16. f3 g5 17. Nfd5 Nfxd5 18. Nxd5 Nxd5 19. cxd5 exf3 20.
Bxf3 g4 21. Rxc7+ Kg6 22. Bg2 Be5 23. d6 Rd8 24. Rd5 Kf6 25. Rxh7 Bd7 26.
e4 a6 27. exf5 axb5 28. Rh6+ Kg5 29. Bc1+ Kxf5 30. Rh5+ Kg6 31. Rhxe5 1-0

[Event "7th UI&UL GM"]
[Site "Dhaka BAN"]
[Date "2005.04.07"]
[Round "3"]
[White "Shamima,A"]
[Black "Islam,AP"]
[Result "0-1"]
[WhiteElo "2061"]
[BlackElo "2203"]
[EventDate "2005.04.05"]

1. d4 Nf6 2. c4 d6 3. Nc3 Nbd7 4. Nf3 e5 5. e4 Be7 6. Be2 O-O 7. O-O c6 8.
b4 a5 9. Ba3 exd4 10. Nb1 axb4 11. Bxb4 c5 12. Ba3 Nxe4 13. Qc2 Nef6 14.
Bd3 Re8 15. Bc1 Ne5 16. Nxe5 dxe5 17. Re1 Qc7 18. Bg5 h6 19. Bh4 Bd7 20.
Nd2 Bc6 21. Bxf6 Bxf6 22. Ne4 Be7 23. Ng3 Bf8 24. Qd1 Ra3 25. Qe2 g6 26.
Ne4 Qe7 27. g4 Bg7 28. Rad1 Rea8 29. Bb1 Qh4 30. Rd3 Rxd3 31. Bxd3 Qh3 32.
f3 Qh4 33. Rf1 Qe7 34. Qb2 Bf6 35. Re1 Bg5 36. Nxg5 Qxg5 37. Be4 Qf4 38.
Kg2 f5 39. Bxc6 bxc6 40. h3 e4 41. fxe4 fxg4 0-1

[Event "7th UI&UL GM"]
[Site "Dhaka BAN"]
[Date "2005.04.08"]
[Round "4"]
[White "Fominyh,A"]
[Black "Prathamesh,S"]
[Result "1-0"]
[WhiteElo "2505"]
[BlackElo "2368"]
[EventDate "2005.04.05"]

1. d4 Nf6 2. Nf3 b6 3. Bg5 e6 4. Nbd2 Bb7 5. e3 Be7 6. Bd3 d5 7. c3 Nbd7 8.
a4 Ne4 9. Bxe7 Qxe7 10. a5 O-O 11. a6 Bc6 12. Qc2 f5 13. O-O Rac8 14. b4
Ndf6 15. Ne5 Be8 16. Nb3 Nd6 17. Rfe1 Nf7 18. Nxf7 Rxf7 19. Qd2 Ne4 20. Qe2
Rf6 21. Nd2 Rh6 22. f3 Nxd2 23. Qxd2 Qh4 24. g3 Qh5 25. Rf1 c5 26. bxc5
bxc5 27. Rf2 c4 28. Bf1 Rb8 29. Qc1 Bb5 30. Qa3 Qe8 31. Qc5 Qd7 32. Rb2 e5
33. dxe5 Rc6 34. Qd4 Rcb6 35. Rd1 Bxa6 36. Rxb6 Rxb6 37. e4 fxe4 38. fxe4
Bb5 39. exd5 Rb7 40. d6 1-0

[Event "7th UI&UL GM"]
[Site "Dhaka BAN"]
[Date "2005.04.08"]
[Round "4"]
[White "Haque,R1"]
[Black "Iuldachev,S"]
[Result "0-1"]
[WhiteElo "2188"]
[BlackElo "2537"]
[EventDate "2005.04.05"]

1. Nf3 d5 2. d3 c6 3. c3 Bf5 4. g3 h6 5. Bg2 Nf6 6. O-O e6 7. Re1 Be7 8.
Nbd2 O-O 9. Qc2 Bh7 10. e4 c5 11. Qb3 Qc7 12. c4 dxe4 13. dxe4 Nc6 14. Qc3
Rad8 15. b3 Ng4 16. Bb2 Bf6 17. Qc1 Bxb2 18. Qxb2 Nge5 19. Bf1 Rd7 20. h3
Rfd8 21. Re3 f6 22. Qc3 Kf8 23. Rae1 Ke7 24. Nxe5 Qxe5 25. Nf3 Qxc3 26.
Rxc3 Rd1 27. Rce3 e5 28. Kg2 Nb4 29. R3e2 a6 30. a3 Nc6 31. Re3 g5 32. Be2
R1d4 33. Bf1 Rd1 34. Be2 Rxe1 35. Nxe1 Rd2 36. f3 Nd4 37. Kf1 Rb2 38. Bd1
Rb1 39. Be2 Nc2 0-1

[Event "7th UI&UL GM"]
[Site "Dhaka BAN"]
[Date "2005.04.08"]
[Round "4"]
[White "Gunasekaran,K"]
[Black "Vijayalakshmi,S"]
[Result "0-1"]
[WhiteElo "2312"]
[BlackElo "2412"]
[EventDate "2005.04.05"]

1. d4 Nf6 2. Nf3 e6 3. Bg5 Be7 4. e3 d6 5. Bd3 Bd7 6. O-O c5 7. c3 O-O 8.
Nbd2 Nc6 9. Re1 d5 10. a4 a6 11. Qe2 h6 12. Bh4 Ne4 13. Bxe7 Nxe7 14. Nf1
Nd6 15. N1d2 Ne4 16. Nf1 Qc7 17. N3d2 Rfe8 18. f4 Nd6 19. Nf3 c4 20. Bc2 b5
21. N1d2 Rab8 22. axb5 axb5 23. Ne5 Ra8 24. Qf1 b4 25. Rxa8 Rxa8 26. Ra1
Rb8 27. Qc1 Bc8 28. Bd1 Nef5 29. Kf2 Ne7 30. Kg1 Bd7 31. Nxd7 Qxd7 32. Bc2
Qb7 33. Kf2 f6 34. g3 Qc6 35. Ba4 Qc8 36. Bc2 b3 37. Bd1 e5 38. Ra5 exd4
39. exd4 Qh3 40. Kg1 Qe6 41. Kf2 Ne4+ 42. Kg1 Nxc3 43. bxc3 Qe1+ 44. Kg2 b2
45. Qc2 Nf5 0-1

[Event "7th UI&UL GM"]
[Site "Dhaka BAN"]
[Date "2005.04.08"]
[Round "4"]
[White "Syed Anwar,S"]
[Black "Murshed,N"]
[Result "1-0"]
[WhiteElo "2305"]
[BlackElo "2487"]
[EventDate "2005.04.05"]

1. d4 g6 2. Nf3 Bg7 3. Bf4 d6 4. e3 Nf6 5. h3 O-O 6. Be2 Nbd7 7. O-O b6 8.
c4 Bb7 9. Nc3 Re8 10. Rc1 h6 11. b4 e5 12. Bh2 exd4 13. Nxd4 Ne5 14. b5
Ned7 15. Bf3 Bxf3 16. Qxf3 Nc5 17. Nc6 Qd7 18. Rfd1 Qe6 19. Nb4 a6 20. Ncd5
Nxd5 21. cxd5 Qd7 22. Nxa6 Nxa6 23. bxa6 Rxa6 24. Rc2 Ra5 25. e4 Rc5 26.
Qd3 Qa4 27. Re2 Rc3 28. Qb1 Rc4 29. Rde1 Bc3 30. Rc1 b5 31. Kh1 b4 32. f3
Rc5 33. Qd3 Qb5 34. Qxb5 Rxb5 35. Rec2 Ra8 36. Bf4 Ra3 37. Bxh6 f6 38. Bd2
Rc5 39. Bxc3 Raxc3 40. Rxc3 Rxc3 41. Rb1 Rc4 42. Rb3 f5 43. exf5 gxf5 44.
g3 Rd4 45. g4 Rxd5 46. Rxb4 c5 47. Rb6 c4 48. Rc6 Rd4 49. a4 Kf7 50. a5 Ke6
51. a6 Kd5 52. a7 Rd1+ 53. Kg2 Ra1 54. Rc7 f4 55. g5 Kd4 56. g6 Ra2+ 57.
Kf1 Kd3 58. h4 Ke3 59. g7 Kxf3 60. Ke1 Re2+ 61. Kd1 Re8 62. h5 1-0

[Event "7th UI&UL GM"]
[Site "Dhaka BAN"]
[Date "2005.04.08"]
[Round "4"]
[White "Mohota,N"]
[Black "Pogorelov,R"]
[Result "0-1"]
[WhiteElo "2297"]
[BlackElo "2448"]
[EventDate "2005.04.05"]

1. d4 Nf6 2. c4 e6 3. Nc3 Bb4 4. Qc2 O-O 5. a3 Bxc3+ 6. Qxc3 Ne4 7. Qc2 f5
8. Nh3 d6 9. f3 Nf6 10. e3 e5 11. dxe5 dxe5 12. Bd2 Qe7 13. Nf2 f4 14. Bd3
fxe3 15. Bxe3 Nc6 16. O-O h6 17. Rfe1 Be6 18. Ne4 Nd4 19. Bxd4 exd4 20. b4
b6 21. Nxf6+ Qxf6 22. c5 Kh8 23. Re2 Bf7 24. Rd1 a5 25. Be4 Rad8 26. Red2
axb4 27. axb4 Rd7 28. Bf5 Be6 29. Be4 Rfd8 30. Rc1 b5 31. Bd3 c6 32. Ra1
Bd5 33. Re2 Re7 34. Rae1 Rxe2 35. Qxe2 Bf7 36. Qe4 g6 37. Qg4 Kg7 38. h4 h5
39. Qg5 Qxg5 40. hxg5 Bc4 41. Rd1 Bxd3 42. Rxd3 Kf7 43. Kf2 Ke6 44. Ra3 Kd5
45. Ke2 Kc4 46. Ra7 Kxb4 47. Rg7 0-1

[Event "7th UI&UL GM"]
[Site "Dhaka BAN"]
[Date "2005.04.08"]
[Round "4"]
[White "Ram,S"]
[Black "Sriram,J"]
[Result "0-1"]
[WhiteElo "2255"]
[BlackElo "2445"]
[EventDate "2005.04.05"]

1. Nf3 d5 2. d4 c6 3. c4 e6 4. Qc2 Nf6 5. Bg5 Be7 6. e3 Nbd7 7. Nc3 O-O 8.
Rc1 a6 9. c5 Nh5 10. Bxe7 Qxe7 11. Bd3 g6 12. b4 e5 13. dxe5 a5 14. a3 axb4
15. axb4 Nxe5 16. Nxe5 Qxe5 17. O-O Bg4 18. Ra1 d4 19. exd4 Qxd4 20. h3 Be6
21. Rxa8 Rxa8 22. Rb1 Ra3 23. Rc1 Nf4 24. Bf1 Qxb4 25. Qe4 Qxe4 26. Nxe4
Bd5 27. Nf6+ Kg7 28. Nxd5 Nxd5 29. Rb1 Ra7 30. Bc4 Kf6 31. Re1 Ra5 32. Rb1
Rxc5 33. Bxd5 Rxd5 34. Rxb7 c5 35. g4 Ke6 36. Rc7 Kd6 37. Rxf7 c4 38. Rf3
Kc5 39. Kf1 Kb4 40. Ke2 c3 41. Rf7 c2 42. Rb7+ Ka3 43. Ra7+ Kb2 44. Rb7+
Kc1 45. f4 Rd8 46. h4 Re8+ 47. Kf3 Rc8 48. Ke2 Rc4 49. f5 Rxg4 50. fxg6
hxg6 51. Rb6 Rxh4 52. Rxg6 Rh2+ 53. Ke1 Rh1+ 54. Ke2 Kb2 55. Rb6+ Ka3 0-1